| 000 | 00440 a2200157 4500 | ||
|---|---|---|---|
| 999 |
_c7823 _d7823 |
||
| 020 | _a9780006367748 | ||
| 050 | _aHF5386 LES 1985 | ||
| 100 |
_aLessem, Ronnie _eauthor |
||
| 245 |
_aThe roots of excellence / _cRonnie Lessem |
||
| 264 |
_aLondon : _bFontana / Collins, _c1985. |
||
| 300 |
_a313p. : _bill. |
||
| 440 | _aThe successful manager | ||
| 500 | _aIncludes index | ||
| 650 | _aSuccess in business. | ||
| 942 |
_2lcc _cBK _h5386 _iLES _kHF |
||